Study of the development of secondary teachers' education in Gujarat state since 1947 (Record no. 21570)
[ view plain ]
| 000 -LEADER | |
|---|---|
| fixed length control field | 00500nam a2200157Ia 4500 |
| 082 ## - DEWEY DECIMAL CLASSIFICATION NUMBER | |
| Classification number | TD.0152 |
| 100 ## - MAIN ENTRY--AUTHOR NAME | |
| Personal name | Desai, D.V. |
| 245 #0 - TITLE STATEMENT | |
| Title | Study of the development of secondary teachers' education in Gujarat state since 1947 |
| 260 ## - PUBLICATION, DISTRIBUTION, ETC. (IMPRINT) | |
| Year of publication | 1973 |
| Name of publisher | Gujarat University |
| 300 ## - PHYSICAL DESCRIPTION | |
| Number of Pages | 526p. + C D - 65 |
| 650 ## - SUBJECT ADDED ENTRY--TOPICAL TERM | |
| Topical Term | HIGH SCHOOL TEACHERS - GUJARAT |
| 650 ## - SUBJECT ADDED ENTRY--TOPICAL TERM | |
| Topical Term | TEACHERS COLLEGES - GUJARAT - 1947-1971 |
| 650 ## - SUBJECT ADDED ENTRY--TOPICAL TERM | |
| Topical Term | TEACHERS - TRAINING OF - GUJARAT - 1947-1971 |
| 710 ## - ADDED ENTRY--CORPORATE NAME | |
| Corporate name or jurisdiction name as entry element | Desai, K.G. |
| 942 ## - ADDED ENTRY ELEMENTS (KOHA) | |
| Koha item type | Thesis |
| Source of classification or shelving scheme | Dewey Decimal Classification |
| Withdrawn status | Lost status | Damaged status | Not for loan | Home library | Current library | Date acquired | Full call number | Accession Number | Price effective from | Koha item type |
|---|---|---|---|---|---|---|---|---|---|---|
| NASSDOC Library | NASSDOC Library | 08/10/2004 | TD.0152 | 10578 | 18/04/2019 | Thesis |
